Princípy formulovania viackriteriálnej volebnej hry

Salvato in:
Dettagli Bibliografici
Autore principale: Čičková, Zuzana, 1978-
Altri autori: Chuguryan, Simona, 1977-
Natura: Capitolo di libro
Lingua:inglese
Soggetti:
Tags: Aggiungi Tag
Nessun Tag, puoi essere il primo ad aggiungerne!!

MARC

LEADER 00000naa$a2200000$$$4500
001 0289234
005 20240502074430.2
041 0 |a eng 
044 |a SK 
245 1 0 |a Princípy formulovania viackriteriálnej volebnej hry  |c Zuzana Čičková, Simona Chuguryan 
500 |a Abstrakt 
610 2 0 |a teória hier 
610 2 0 |a rozhodovanie viackriteriálne 
100 1 |a Čičková, Zuzana, 1978- 
700 1 |a Chuguryan, Simona, 1977-